Farmacología
Enregistré dans:
| Auteurs principaux: | , , , , |
|---|---|
| Format: | Livre |
| Langue: | espagnol |
| Publié: |
Barcelona
Elsevier España S. L
2012
|
| Édition: | 7a. ed |
| Sujets: | |
| Tags: |
Ajouter un tag
Pas de tags, Soyez le premier à ajouter un tag!
|
MARC
| LEADER | 00000cam a2200000 a 4500 | ||
|---|---|---|---|
| 001 | UCF8531 | ||
| 003 | CL-VaPUC | ||
| 005 | 20250421121333.0 | ||
| 008 | 130906e20120000sp |||||||||||||||||spa|d | ||
| 999 | |c 353102 |d 353100 | ||
| 020 | |a 9788480869089 | ||
| 040 | |c Pontificia Universidad Católica de Valparaíso | ||
| 082 | 0 | 4 | |a 615.1 |b RAN |2 21 |
| 100 | 0 | |a Rang, Humphrey P |e author |9 570627 | |
| 245 | 1 | 0 | |a Farmacología |
| 250 | |a 7a. ed | ||
| 260 | |a Barcelona |b Elsevier España S. L |c 2012 | ||
| 300 | |a 777 p | ||
| 583 | |a last modification |c 20130906 13:01:00 |k Rodrigo Vera | ||
| 650 | 0 | |a Farmacología |9 269634 | |
| 650 | 0 | |a Farmacocinética |9 404599 | |
| 650 | 0 | |a Farmacodinámica |9 266815 | |
| 650 | 0 | |a Farmacología clínica |9 263034 | |
| 650 | 0 | |a Quimioterapia |9 534525 | |
| 650 | 0 | |a Neurofarmacología |9 324862 | |
| 700 | 0 | |a Dale, M. Maureen |e author |9 570628 | |
| 700 | 0 | |a Ritter, James M |e author |9 570629 | |
| 700 | 0 | |a Flower, Rod J |e author |9 570630 | |
| 700 | 0 | |a Henderson, G |e author |9 570631 | |
| 942 | |c BK |2 ddc | ||
| 945 | |d 20130906 13:01:00 |a dcastane | ||
| 952 | |0 0 |1 0 |3 erb |4 0 |6 615_100000000000000_RAN_2012 |7 0 |8 A |9 458020 |a BIBCUR |b BIBCUR |d 2019-11-23 |i 5005507 |l 9 |m 6 |o 615.1 RAN 2012 |p 5005507 |r 2025-04-22 |s 2025-04-10 |w 2019-11-23 |y BK |z Catalogado en:20130906 |k KIN | ||
| 952 | |0 0 |1 0 |3 erb |4 0 |6 615_100000000000000_RAN_2012 |7 0 |8 A |9 458021 |a BIBCUR |b BIBCUR |d 2019-11-23 |i 5005515 |l 6 |o 615.1 RAN 2012 |p 5005515 |r 2025-04-22 |s 2022-04-29 |w 2019-11-23 |y BK |z Catalogado en:20130906 |k KIN | ||
| 952 | |0 0 |1 0 |3 erb |4 0 |6 615_100000000000000_RAN_2012 |7 0 |8 A |9 458022 |a BIBCUR |b BIBCUR |d 2019-11-23 |i 5005523 |l 15 |m 5 |o 615.1 RAN 2012 |p 5005523 |r 2025-04-22 |s 2025-04-10 |w 2019-11-23 |y BK |z Catalogado en:20130906 |k KIN | ||
| 952 | |0 0 |1 0 |3 erb |4 0 |6 615_100000000000000_RAN_2012 |7 0 |8 A |9 458023 |a BIBCUR |b BIBCUR |d 2019-11-23 |i 5005531 |l 6 |o 615.1 RAN 2012 |p 5005531 |r 2025-04-22 |s 2025-03-11 |w 2019-11-23 |y BK |z Catalogado en:20130906 |k KIN | ||
| 952 | |0 0 |1 0 |3 erb |4 0 |6 615_100000000000000_RAN_2012 |7 0 |8 A |9 458024 |a BIBCUR |b BIBCUR |i 5031761 |l 4 |m 1 |o 615.1 RAN 2012 |p 5031761 |r 2025-04-22 |s 2024-05-06 |w 2019-11-23 |y BK |z Catalogado en:20131206 |k KIN | ||
| 952 | |0 0 |1 0 |3 erb |4 0 |6 615_100000000000000_RAN_2012 |7 0 |8 A |9 458025 |a BIBCUR |b BIBCUR |i 503177K |l 3 |m 2 |o 615.1 RAN 2012 |p 503177K |r 2025-04-22 |s 2023-05-11 |w 2019-11-23 |y BK |z Catalogado en:20131206 |k KIN | ||
| 952 | |0 0 |1 0 |3 erb |4 0 |6 615_100000000000000_RAN_2012 |7 0 |8 A |9 458026 |a BIBCUR |b BIBCUR |i 5031788 |l 13 |m 2 |o 615.1 RAN 2012 |p 5031788 |r 2025-04-22 |s 2024-09-02 |w 2019-11-23 |y BK |z Catalogado en:20131206 |k KIN | ||